| 000 | 00470nam a22001697a 4500 | ||
|---|---|---|---|
| 003 | OSt | ||
| 005 | 20251010012432.0 | ||
| 008 | 251009b |||||||| |||| 00| 0 eng d | ||
| 020 | _a978-1-4165-8665-4 | ||
| 040 |
_aDWCL-Main lib. _cOC |
||
| 082 | _aFic. K52j 2008 | ||
| 100 | _aKing, Stephen | ||
| 245 |
_aJust after sunset : _bstories/ _cKing, Stephen |
||
| 260 |
_aNew York : _bPocket Books, _c c2008. |
||
| 300 |
_a539 pages ; _c19 cm. |
||
| 942 |
_2ddc _cFIC. _kFic. _n0 |
||
| 999 |
_c4767 _d4767 |
||